000 00294nam a22001337a 4500
008 180202b xxu||||| |||| 00| 0 eng d
020 _a9780683401912
041 _aeng
080 _a616
100 _a9
101 _aPAT
245 _aPathology& lab medicine
_cRandolph,E.B
942 _2udc
_cBK
999 _c41589
_d41589